Statistics for World's Dirtiest Rivers

Click here to take the quiz!

General Stats

  • This quiz has been taken 1,980 times
  • The average score is 4 of 12

Answer Stats

Country NameAnswer% Correct
IndiaGanges
93%
ChinaYellow
85%
USAMississippi
84%
BangladeshBuriganga
55%
IsraelJordan
46%
IndiaYamuna
9%
USACuyahoga
8%
PhilippinesPasig
5%
IndonesiaCitarum
4%
PhilippinesMarilao
3%
ArgentinaMatanza-Riachuelo
3%
ItalySarno
3%

Score Distribution

Percentile by Number Answered

Percent of People with Each Score

Your Score History

You have not taken this quiz